000 00934nam a2200289 a 4500
001 BRL_21
005 20190320210543.0
008 730412s1934 mx-af#####---#000-0#spa-#
040 _aDLC
_cOO
_dOCoLC
041 _aspa
044 _amx
050 4 _aNA753
_b.B39 1934
100 1 _aBaxter, Silvestre
_914198
245 1 0 _aLa arquitectura hispano colonial en México
_cSilvestre Baxter ; introducción y notas de Manuel Toussaint.
260 _aMexico
_b[SEP : INBA]
_c1934
300 _axxvii, 219 p.
_bil., 156 láminas
_c28 cm.
500 _aEjemplar intonso
500 _aTraducción de : Spanish-Colonial Architecture in Mexico, publicado en 1901
500 _aAu95
650 1 4 _aArquitectura
_zMéxico
_9596
650 1 4 _aArquitectura colonial
_97560
650 1 4 _aArquitectura
_xHistoria
_91467
650 1 4 _aArquitectura religiosa
_zMéxico
_924
700 1 _aToussaint, Manuel
_96793
902 _aGRL
942 _2lcc
_cB
999 _c8834
_d8834